02231nas a2200241Ia 4500001001100000003001000011008004100021040002500062041001300087100001700100210003800117222003800155245006300193250001100256260005400267300001300321310001400334362003700348500073800385501011401123520073801237650001401975R050-R761LIT-CnALBA170116c99999999xx |||||||||||| ||und|| aIT-CnALBAcIT-CnALBA aITALIANO aFULLANI JANI aDOCUMENTAZIONE SUI PAESI DELL'EST aDOCUMENTAZIONE SUI PAESI DELL'EST 0aDOCUMENTAZIONE SUI PAESI DELL'EST. VOL. I. ANNO VI. 1970.  a1a ed. aMILANObCESES, CENTRO STUDI R. PROB. ECON. c1970 a1156 p.  aBIMENSILE aFascicolo: 1-12 / Anno: 6 (1970) aALBANIA, EFFICIENZA PER L'INDUSTRIA. CINA, RIUNIONI INUTILI. FERMENTO TRA I COMUNISTI JUGOSLAVI. POLONIA, PIANIFICAZIONE. UNGHERIA, LITANIA DELLO SPIRITO CONCILIARE, DOBOSSY LASZOLO, RIFORMA ECONOMICA. PIANO ECONOMICO 1970 IN URSS. MARASMA NEI CONSIGLI DI VELIKANOVA A. ELENCO DELLE FONTI, QUOTIDIANI E PERIODICI. SCARSA PRODUTTIVITA' DEL LAVORO IN ALBANIA DI ENVER ENVER HOXHA. SINDACATO E STATO IMPRENDITORE DI POKORNI ALOIS, CECOSLOVACCHIA. INGUARIBILE POVERTÀ IN JUGOSLAVIA. SLOGAN E OTTIMISMO PRODUTTIVO IN POLONIA DI K. T. TOEPLITZ. ROMANIA, UTILIZZAZIONE DEGLI SPECIALISTI. PROSTITUZIONE A BUDAPEST. RIFORMA ECONOMICA IN UNGHERIA DI R. NYERS. INDICE ONOMASTICO DEGLI AUTORI E INDICE DELLA MATERIA CONFRONTA DOCUMENTO R761M.  aSocietà San Paolo EM - Piazza San Paolo, 14 - 12051 ALBA (CN) (non commercial uses only) ® Copyright 2017 aALBANIA, EFFICIENZA PER L'INDUSTRIA. CINA, RIUNIONI INUTILI. FERMENTO TRA I COMUNISTI JUGOSLAVI. POLONIA, PIANIFICAZIONE. UNGHERIA, LITANIA DELLO SPIRITO CONCILIARE, DOBOSSY LASZOLO, RIFORMA ECONOMICA. PIANO ECONOMICO 1970 IN URSS. MARASMA NEI CONSIGLI DI VELIKANOVA A. ELENCO DELLE FONTI, QUOTIDIANI E PERIODICI. SCARSA PRODUTTIVITA' DEL LAVORO IN ALBANIA DI ENVER ENVER HOXHA. SINDACATO E STATO IMPRENDITORE DI POKORNI ALOIS, CECOSLOVACCHIA. INGUARIBILE POVERTÀ IN JUGOSLAVIA. SLOGAN E OTTIMISMO PRODUTTIVO IN POLONIA DI K. T. TOEPLITZ. ROMANIA, UTILIZZAZIONE DEGLI SPECIALISTI. PROSTITUZIONE A BUDAPEST. RIFORMA ECONOMICA IN UNGHERIA DI R. NYERS. INDICE ONOMASTICO DEGLI AUTORI E INDICE DELLA MATERIA CONFRONTA DOCUMENTO R761M.  aPERIODICI